000 00470cam a2200181ua 4500
020 _c$ 19.95
041 _aeng
_h
082 _a004.16
_bMAR/MI
100 _aMartin, S .
245 _aMicrosoft works for the PC made easy /
_cS.Martin.
_hTextual Documents
260 _aNew York :
_bMcGraw Hill Book Company ,
_c1990.
300 _a439 ; .
365 _a$ 19.95
504 _a
700 1 _aMatthews, Carole Boggs .
942 _cBK
999 _c9768
_d9768